Utilization of remote sensing and population dynamics for predicting the annual generations of cotton leafworm spodoptera littoralis (boisd.) (lepidoptera: noctuidae) under climate change / (رقم التسجيلة. 49296)
[ عرض عادي ]
| 000 -LEADER | |
|---|---|
| fixed length control field | 02094cam a2200349 a 4500 |
| 003 - CONTROL NUMBER IDENTIFIER | |
| control field | EG-GiCUC |
| 005 - DATE AND TIME OF LATEST TRANSACTION | |
| control field | 20250223031138.0 |
| 008 - FIXED-LENGTH DATA ELEMENTS--GENERAL INFORMATION | |
| fixed length control field | 150210s2014 ua h f m 000 0 eng d |
| 040 ## - CATALOGING SOURCE | |
| Original cataloging agency | EG-GiCUC |
| Language of cataloging | eng |
| Transcribing agency | EG-GiCUC |
| 041 0# - LANGUAGE CODE | |
| Language code of text/sound track or separate title | eng |
| 049 ## - LOCAL HOLDINGS (OCLC) | |
| Holding library | Deposite |
| 097 ## - Thesis Degree | |
| Thesis Level | M.Sc |
| 099 ## - LOCAL FREE-TEXT CALL NUMBER (OCLC) | |
| Classification number | Cai01.07.08.M.Sc.2014.Am.U |
| 100 0# - MAIN ENTRY--PERSONAL NAME | |
| Personal name | Amira Hassan Ahmed Moursey |
| 245 10 - TITLE STATEMENT | |
| Title | Utilization of remote sensing and population dynamics for predicting the annual generations of cotton leafworm spodoptera littoralis (boisd.) (lepidoptera: noctuidae) under climate change / |
| Statement of responsibility, etc. | Amira Hassan Ahmed Moursey ; Supervised Ibtisam Abdelmoneim Hemeida , Sayeda Sayed Ahmed , Hassan Farag Dahi |
| 246 15 - VARYING FORM OF TITLE | |
| Title proper/short title | تحت ظروف تغير المناخSpodoptera littoralis (Boisd)استخدام الاستشعار من بعد ودينامكية التعداد فى التنبؤ بالاجيال السنوية لدودة ورق القطن |
| 260 ## - PUBLICATION, DISTRIBUTION, ETC. | |
| Place of publication, distribution, etc. | Cairo : |
| Name of publisher, distributor, etc. | Amira Hassan Ahmed Moursey , |
| Date of publication, distribution, etc. | 2014 |
| 300 ## - PHYSICAL DESCRIPTION | |
| Extent | 120 P. : |
| Other physical details | facsimiles ; |
| Dimensions | 25cm |
| 502 ## - DISSERTATION NOTE | |
| Dissertation note | Thesis (M.Sc.) - Cairo University - Faculty of Agriculture - Department of Economic Entomology and Pesticides |
| 520 ## - SUMMARY, ETC. | |
| Summary, etc. | This study was conducted to study the effect of four constant temperatures 17, 22, 27 and 32 {u00B0}C on the biology of cotton leafworm, Spodoptera littoralis and determine the threshold temperature and calculation of the thermal units for all stages in laboratory to determine the threshold temperature and the average number of degree days demanded for complete one generation then used both information for predicting annual generations of S. littoralis under field condition |
| 530 ## - ADDITIONAL PHYSICAL FORM AVAILABLE NOTE | |
| Additional physical form available note | Issued also as CD |
| 653 #4 - INDEX TERM--UNCONTROLLED | |
| Uncontrolled term | Accumulate heat units |
| 653 #4 - INDEX TERM--UNCONTROLLED | |
| Uncontrolled term | NOAA satellite image |
| 653 #4 - INDEX TERM--UNCONTROLLED | |
| Uncontrolled term | Spodoptera littoralis generations |
| 700 0# - ADDED ENTRY--PERSONAL NAME | |
| Personal name | Hassan Farag Dahi , |
| Relator term | |
| 700 0# - ADDED ENTRY--PERSONAL NAME | |
| Personal name | Ibtisam Abdelmoneim Hemeida , |
| Relator term | |
| 700 0# - ADDED ENTRY--PERSONAL NAME | |
| Personal name | Sayeda Sayed Ahmed , |
| Relator term | |
| 856 ## - ELECTRONIC LOCATION AND ACCESS | |
| Uniform Resource Identifier | <a href="http://172.23.153.220/th.pdf">http://172.23.153.220/th.pdf</a> |
| 905 ## - LOCAL DATA ELEMENT E, LDE (RLIN) | |
| Cataloger | Aml |
| Reviser | Cataloger |
| 905 ## - LOCAL DATA ELEMENT E, LDE (RLIN) | |
| Cataloger | Nazla |
| Reviser | Revisor |
| 942 ## - ADDED ENTRY ELEMENTS (KOHA) | |
| Source of classification or shelving scheme | Dewey Decimal Classification |
| Koha item type | Thesis |
| Source of classification or shelving scheme | Not for loan | Home library | Current library | Date acquired | Full call number | Barcode | Date last seen | Koha item type | Copy number |
|---|---|---|---|---|---|---|---|---|---|
| Dewey Decimal Classification | المكتبة المركزبة الجديدة - جامعة القاهرة | قاعة الرسائل الجامعية - الدور الاول | 11.02.2024 | Cai01.07.08.M.Sc.2014.Am.U | 01010110064468000 | 22.09.2023 | Thesis | ||
| Dewey Decimal Classification | المكتبة المركزبة الجديدة - جامعة القاهرة | مخـــزن الرســائل الجـــامعية - البدروم | 11.02.2024 | Cai01.07.08.M.Sc.2014.Am.U | 01020110064468000 | 22.09.2023 | CD - Rom | 64468.CD |